| 000 | 00490 a2200169 4500 | ||
|---|---|---|---|
| 999 |
_c3888 _d3888 |
||
| 020 | _a1779030495 | ||
| 050 | _aLB1564 GRA 1993 | ||
| 100 |
_aGrant,Rosemary _eauthor |
||
| 245 |
_aPlanned teaching / _cRosemary Grant and Michael Lawson Brown |
||
| 264 |
_aZimbabwe: _bLongman Zimbabwe, _c1993 |
||
| 300 | _a38p. : | ||
| 500 | _aincludes index | ||
| 650 | _aLesson planning | ||
| 650 | _aSouth Africa. Lesson planning. | ||
| 700 | _aBrown, Lawson Michael | ||
| 942 |
_2lcc _cBK _h1564 _iGRA _kLB |
||